| 000 -ლიდერი |
| ფიქსირებული სიგრძის საკონტროლო ველი |
02383nam a22002657a 4500 |
| 003 - საკონტროლო ნომრის იდენტიფიკატორი |
| საკონტროლო ველი |
Ge_BSU |
| 005 - ბოლო ოპერაციის თარიღი და დრო |
| საკონტროლო ველი |
20230626115934.0 |
| 008 - ფიქსირებული სიგრძის მონაცემთა ელემენტები - ზოგადი ინფორმაცია |
| ფიქსირებული სიგრძის საკონტროლო ველი |
230626b xxu||||| |||| 00| 0 geo d |
| 020 ## - წიგნის საერთაშორისო სტანდარტული ნომერი |
| International Standard Book Number |
9789941227561 |
| 041 ## - ენის კოდი |
| Language code of text/sound track or separate title |
geo |
| 080 ## - უნივერსალური ათობითი კლასიფიკაციის ინდექსი |
| Universal Decimal Classification number |
903.22(395.3/4) ი-72 |
| 100 ## - მთავარი ჩანაწერი - პიროვნების სახელი |
| Personal name |
ანჩაბაძე, ირაკლი |
| 9 (RLIN) |
18964 |
| 245 ## - ცნობა სათაურის შესახებ |
| Title |
შეიარაღება ანტიკური და ადრეშუასაუკუნეების იბერია-კოლხეთში (ძვ.წ. VII-ახ.წ. VII სს) = Weaponry in the antique and early medieval period Iberia-Colchis (the 7th cent. BC-7th cent. AD) / |
| Statement of responsibility, etc |
ირაკლი ანჩაბაძე; რედაქტორი ზვიად კვიციანი; ივანე ჯავახიშვილის სახ. თბილისის სახელმწ. უნ-ტი, ჰუმანიტარულ მეცნიერებათა ფაკ-ტი, არქეოლოგიის ინ-ტი. |
| 264 ## - წარმოების, გამოცემის, დისტრიბუციის და სხვა ცნობები |
| გამოცემის, წარმოების, დისტრიბუციის... ადგილი |
თბილისი : |
| გამოცემის, წარმოების, დისტრიბუციის... სახელწოდება |
უნივერსალი, |
| გამოცემის, წარმოების, დისტრიბუციის... თარიღი |
2016. |
| 300 ## - ფიზიკური აღწერა |
| Extent |
278 გვ. : |
| Other physical details |
ტაბ.; |
| Dimensions |
20 სმ. |
| 500 ## - ზოგადი შენიშვნა |
| General note |
გარეკანზე: ძვლის გრავირებული ფირფიტა მხედართა ბრძოლის სცენით ი. გაგოშიძე. ”პირველი საუკუნის იბერიელი მხედარი”. |
| 501 ## - შენიშვნა თანმხლებ მასალაზე |
| With note |
გარეკანი და თავფურცელი აგრეთვე ინგლისურ ენაზე. |
| 504 ## - BIBLIOGRAPHY, ETC. NOTE |
| Bibliography, etc |
ბიბლიოგრაფია: გვ. 202-218 . |
| 520 ## - SUMMARY, ETC. |
| Summary, etc |
რეზიუმე ინგლისურ ენაზე. |
| 653 ## - INDEX TERM--UNCONTROLLED |
| Uncontrolled term |
საბრძოლო იარაღები საქართველოში |
| 653 ## - INDEX TERM--UNCONTROLLED |
| Uncontrolled term |
არქეოლოგიური გათხრები საქართველოში |
| 700 ## - ADDED ENTRY--PERSONAL NAME |
| Personal name |
კვიციანი, ზვიად |
| Relator term |
რედაქტორი |
| 9 (RLIN) |
3573 |
| 710 ## - ADDED ENTRY--CORPORATE NAME |
| Corporate name or jurisdiction name as entry element |
ივანე ჯავახიშვილის სახ. თბილისის სახელმწ. უნ-ტი |
| Subordinate unit |
ჰუმანიტარულ მეცნიერებათა ფაკ-ტი, არქეოლოგიის ინ-ტი |
| 9 (RLIN) |
18965 |
| 942 ## - ADDED ENTRY ELEMENTS (KOHA) |
| Source of classification or shelving scheme |
|
| Koha item type |
წიგნი |